Sửa chữa và gia cố công trình xây dựng

Saved in:
Bibliographic Details
Main Author: Nguyễn, Xuân Bích
Format: Book
Language:Undetermined
Published: Hà Nội KHXH 1995
Subjects:
Tags: Add Tag
No Tags, Be the first to tag this record!
Institutions: Trung tâm Học liệu Trường Đại học Cần Thơ
LEADER 00490nam a2200169Ia 4500
001 CTU_88
008 210402s9999 xx 000 0 und d
082 |a 691 
082 |b B302 
100 |a Nguyễn, Xuân Bích 
245 0 |a Sửa chữa và gia cố công trình xây dựng 
245 0 |c Nguyễn Xuân Bích 
260 |a Hà Nội 
260 |b KHXH 
260 |c 1995 
650 |a building materials 
980 |a Trung tâm Học liệu Trường Đại học Cần Thơ